Finanční průvodce nefinančního manažera : Jak se rychle zorientovat v podnikových a projektových financích

Saved in:
Bibliographic Details
Main Author: Slavík, Jakub (Author)
Format: Book
Language:Czech
Published: Praha : Grada Publishing, 2013
Subjects:
Tags: Add Tag
No Tags, Be the first to tag this record!

MARC

LEADER 00000nam a22000003a 4500
001 stu267390
005 20190206132325.9
008 130604s2013----xr------------------cze-d
020 |a 978-80-247-4593-0 
040 |a STU  |b slo 
041 0 |a cze 
044 |a xr 
080 |a 658.1 
100 1 |a Slavík, Jakub  |4 aut 
245 1 |a Finanční průvodce nefinančního manažera :  |b Jak se rychle zorientovat v podnikových a projektových financích 
260 |a Praha :  |b Grada Publishing,  |c 2013 
300 |a 175 s 
650 7 |a podnikové financie  |2 stusub 
650 7 |a projektové financovanie  |2 stusub 
996 |b 284M085212  |c M*13493-1  |l MMKN  |s A  |a 24  |w stu267390_0001 
996 |b 284M085213  |c M*13493-2  |l MMKN  |s A  |a 24  |w stu267390_0002